Proyecto alternativo de persecucin̤ penal europea

Bibliographic Details
Main Author: Schünemann, Bernd
Format: Unknown
Language:Spanish
Published: [Madrid] : Dykinson, 2007
Subjects:
Online Access:Acceso restringido

MARC

LEADER 00000ny a22000003n 4500
005 20110623130049.0
008 080703s2007 sp s 000 0 spa c
020 |a 8497729757 
035 |a 1830 
040 |a UMA.RE  |d vlex 
080 |a 341.4(4-672 UE)(0.034) 
090 |c 1220  |d 1220 
100 1 |a Schünemann, Bernd 
245 1 0 |a Proyecto alternativo de persecucin̤ penal europea  |h [Recurso electrn̤ico]  |c Bernd Schünemann 
256 |a Servicio en ln̕ea 
260 |a [Madrid] :  |b Dykinson,  |c 2007 
506 1 |a Contenido solo disponible en los productos indicados  |d vLex Global  |d vLex Global (Academic Edition, excluding Law Schools)  |d vLex Global (U.S. Academic Edition, Law Schools)  |d vLex Global (U.S. Academic Edition, excluding Law Schools)  |d vLex Global (Academic Edition, Law Schools) 
650 0 7 |a Comunitario  |2 Tesauro vLex 
740 0 |a vLex Libros (Servicios en ln̕ea) 
856 4 0 |u http://vlex.com/source/1830  |z Acceso restringido 
942 |c BOOK